CF Montréal Players - Statistics

General Stats
  • This quiz has been taken 18 times
    2 since last reset
  • The average score is 98 of 189
Answer Stats
Answer % Correct
Bacary Sagna
100%
Blake Smith
100%
Brandan Craig
100%
Caden Clark
100%
Dagur Dan Thórhallsson
100%
Daniel Ríos
100%
Dawid Bugaj
100%
Efraín Morales
100%
Eric Miller
100%
Evan Bush
100%
Gennadiy Synchuk
100%
Ignacio Piatti
100%
Ismaël Koné
100%
Iván Jaime
100%
Jalen Neal
100%
Joel Waterman
100%
Kamal Miller
100%
Kei Kamara
100%
Lassi Lappalainen
100%
Laurent Ciman
100%
Luca Petrasso
100%
Luis Binks
100%
Mahala Opoku
100%
Matthew Longstaff
100%
Michael Petrasso
100%
Noah Streit
100%
Prince Owusu
100%
Raheem Edwards
100%
Romell Quioto
100%
Samuel Piette
100%
Thomas Gillier
100%
Tomás Avilés
100%
Victor Loturi
100%
Victor Wanyama
100%
Wiki Carmona
100%
Aarón Herrera
50%
Adrián López
50%
Ahmed Hamdi
50%
Alejandro Silva
50%
Alessandro Nesta
50%
Alistair Johnston
50%
Aljaž Struna
50%
Amadou Dia
50%
Amar Sejdić
50%
Ambroise Oyongo
50%
Andrea Pisanu
50%
Andrés Romero
50%
Andrew Wenger
50%
Anthony Jackson-Hamel
50%
Ariel Lassiter
50%
Bakary Soumaré
50%
Ballou Tabla
50%
Bernardo Corradi
50%
Bjørn Johnsen
50%
Blerim Džemaili
50%
Bode Hidalgo
50%
Bojan Krkić
50%
Brayan Vera
50%
Bryce Duke
50%
Calum Mallace
50%
Chinoso Offor
50%
Chris Duvall
50%
Clément Bayiha
50%
Clément Diop
50%
Collen Warner
50%
Daniele Paponi
50%
Daniel Lovitz
50%
Dante Sealy
50%
David Choinière
50%
Deian Boldor
50%
Didier Drogba
50%
Dilly Duka
50%
Djordje Mihailovic
50%
Dominic Oduro
50%
Dominik Yankov
50%
Donny Toia
50%
Donovan Ricketts
50%
Emanuel Maciel
50%
Eric Alexander
50%
Erik Hurtado
50%
Fabian Herbers
50%
Felipe Martins
50%
Fernando Álvarez
50%
Frankie Amaya
50%
Gabriele Corbo
50%
George Campbell
50%
Giacomo Vrioni
50%
Harry Novillo
50%
Harry Shipp
50%
Hassoun Camara
50%
Heath Pearce
50%
Hernán Bernardello
50%
Ilias Iliadis
50%
Ivan Losenko
50%
Jack McInerney
50%
James Pantemis
50%
Jean-Aniel Assi
50%
Jeb Brovsky
50%
Jeisson Vargas
50%
Jérémy Gagnon-Laparé
50%
Joaquín Sosa
50%
Joaquín Torres
50%
Johan Venegas
50%
Jojea Kwizera
50%
Jonathan Sirois
50%
Jorge Corrales
50%
Jukka Raitala
50%
Jules-Anthony Vilsaint
50%
Justin Mapp
50%
Karifa Yao
50%
Karl Ouimette
50%
Ken Krolicki
50%
Kristian Nicht
50%
Krzysztof Król
50%
Kyle Bekker
50%
Kyle Fisher
50%
Louis Béland-Goyette
50%
Lucas Ontivero
50%
Marco Di Vaio
50%
Marco Donadel
50%
Mason Toye
50%
Mathieu Choinière
50%
Matías Cóccaro
50%
Matko Miljevic
50%
Matteo Ferrari
50%
Matteo Mancosu
50%
Maxime Crépeau
50%
Maximiliano Urruti
50%
Maxim Tissot
50%
Michael Salazar
50%
Mike Azira
50%
Mustafa Kizza
50%
Nathan-Dylan Saliba
50%
Nelson Rivas
50%
Nick DePuy
50%
Nigel Reo-Coker
50%
Olger Escobar
50%
Omar Browne
50%
Orji Okwonkwo
50%
Patrice Bernier
50%
Róbert Orri Thorkelsson
50%
Rod Fanni
50%
Romario Williams
50%
Ruan
50%
Rudy Camacho
50%
Sanna Nyassi
50%
Saphir Taïder
50%
Sean Rea
50%
Sébastian Breza
50%
Shamit Shome
50%
Shaun Francis
50%
Siniša Ubiparipović
50%
Sunusi Ibrahim
50%
Tom Pearce
50%
Troy Perkins
50%
Víctor Cabrera
50%
Wandrille Lefèvre
50%
Yuri Guboglu
50%
Zachary Brault-Guillard
50%
Zakaria Diallo
50%
Zarek Valentin
50%
Adrián Arregui
0%
Alessandro Biello
0%
Cameron Porter
0%
Daniel Kinumbe
0%
Davy Arnaud
0%
Dennis Iapichino
0%
Eric Kronberg
0%
Futty Danso
0%
Gorka Larrea
0%
Greg Sutton
0%
Issey Nakajima
0%
Jakheele Marshall-Rutty
0%
Josef Martínez
0%
Josh Gardner
0%
Justin Braun
0%
Kenny Cooper Jr.
0%
Lamar Neagle
0%
Logan Ketterer
0%
Miguel Montaño
0%
Mike Fucito
0%
Ousman Jabang
0%
Owen Graham-Roache
0%
Quincy Amarikwa
0%
Rida Zouhir
0%
Santiago González
0%
Shavar Thomas
0%
Tyson Wahl
0%
Zorhan Bassong
0%
No matching quizzes found
Score Distribution
Percent of People with Each Score
Percentile by Number Answered
Your Score History
You have not taken this quiz since the last reset